Histoire en images - J - Statistiques

Statistiques générales
  • Ce quiz a été pris 287 fois
  • Le résultat moyen est 15 sur 18
Statistiques - réponses
Par images Hint Réponse % Correct
Figure religieuse Jésus de Nazareth
100%
Évènement sportif Jeux olympiques
100%
Militaire / Sainte Jeanne d'Arc
99%
Tableau La Joconde
99%
Artiste Michael Jackson
97%
Genre musical Jazz
94%
Article de 1898 J'accuse...!
90%
Période géologique Jurassique
88%
Empire Empire du Japon
84%
Divinité Jupiter
84%
Pierre impériale chinoise Jade
82%
Serment Serment du Jeu de paume
82%
Pape Jean-Paul II
75%
Apôtre Judas Iscariote
66%
Impératrice Joséphine de Beauharnais
61%
Journaliste / Homme politique Jean Jaurès
60%
Personnage mythologique Jason
51%
Région historique Judée
51%
Aucun quiz correspondant
Distribution des résultats
% des personnes avec chaque résultat
Percentile par nombre de réponses
Votre historique - résultats
Vous n’avez pas pris ce quiz